000 00679nam a2200217 a 4500
005 20260415064212.0
008 040316s2002 mx r 000 0 spa d
020 _a8433107186
035 _aUPN01000132671
049 _aF
050 4 _aLB2838
_bN6.4
100 1 _aNoriega, Juan
245 1 4 _aLos indicadores de evaluación del centro docente /
_cJuan Noriega, Alberto Muñoz.
260 _aBarcelona, Esp. :
_bCisspraxis,
_c2002.
300 _a39 p. :
_b2 h. pleg.
440 0 _aGuía escolar.
_pMonografías escuela española
650 4 _aEvaluación educativa
_94298
650 4 _aEvaluación del docente
_95198
700 1 _aMuñoz, Alberto,
_ecoaut.
905 _aLibro
999 _c104825
_d104825